Online
Catalog

Quehacer científico II : (Record no. 478)

MARC details
000 -CABECERA
campo de control de longitud fija 01756nam a2200253 a 4500
001 - NÚMERO DE CONTROL
campo de control 000000480
005 - FECHA Y HORA DE LA ÚLTIMA TRANSACCIÓN
campo de control 20240307073941.0
008 - DATOS DE LONGITUD FIJA--INFORMACIÓN GENERAL
campo de control de longitud fija 081117s1998 dr abc r 001 0 spa d
040 ## - FUENTE DE LA CATALOGACIÓN
Centro catalogador/agencia de origen DO-SdBNP
Lengua de catalogación spa
Centro/agencia transcriptor BNPHU
082 ## - NÚMERO DE LA CLASIFICACIÓN DECIMAL DEWEY
Número de clasificación 501
Número de documento/Ítem Q3c, 1998
245 00 - MENCIÓN DE TÍTULO
Título Quehacer científico II :
Resto del título selección de textos /
Mención de responsabilidad, etc. compiladores Edmundo Morel Pierret, Julio Sánchez Maríñez.
260 ## - PUBLICACIÓN, DISTRIBUCIÓN, ETC.
Lugar de publicación, distribución, etc. Santo Domingo :
Nombre del editor, distribuidor, etc. INTEC,
Fecha de publicación, distribución, etc. 1998.
300 ## - DESCRIPCIÓN FÍSICA
Extensión 310 p. :
Otras características físicas il., graf., map., retrs. ;
Dimensiones 23 cm.
500 ## - NOTA GENERAL
Nota general La biblioteca posee las reimpresiones de 1998
505 0# - NOTA DE CONTENIDO CON FORMATO
Nota de contenido con formato Introducción --
Título La ciencia de la industria /
Mención de responsabilidad Maurice Korach --
Título Planteamiento de la investigación /
Mención de responsabilidad Carlos Sabino --
Título El marco teórico /
Mención de responsabilidad Carlos Sabino --
Título Formulación de hipótesis /
Mención de responsabilidad Restituto Sierra Bravo --
Título Variables y su operacionalización /
Mención de responsabilidad Restituto Sierrra Bravo --
Título ¿Cómo hacer la revisión de la literatura? /
Mención de responsabilidad Oscar Soria --
Título El plan experimental /
Mención de responsabilidad Frank J. Mc Guigan --
Título Control experimental --
Mención de responsabilidad Frank J. McGuigan --
Título Relaciones "causales" entre variables /
Mención de responsabilidad Claire Selltiz --
Título La organización de un "survey" /
Mención de responsabilidad Jorge Padua - Iván Ahman --
Título Planificación de las operaciones de campo /
Mención de responsabilidad Judith Fiedler --
Título Pauta para el diseño de un proyecto de investigación /
Mención de responsabilidad Roberto Cassá --
Título El informe de la investigación /
Mención de responsabilidad John W. Best.
590 ## - NOTA LOCAL (RLIN)
Nota local Inventariado, 2018/BT
650 #4 - PUNTO DE ACCESO ADICIONAL DE MATERIA--TÉRMINO DE MATERIA
Término de materia o nombre geográfico como elemento de entrada Filosofía de la ciencia
Subdivisión de forma ENSAYOS, CONFERENCIAS , ETC.
9 (RLIN) 1587
650 #4 - PUNTO DE ACCESO ADICIONAL DE MATERIA--TÉRMINO DE MATERIA
Término de materia o nombre geográfico como elemento de entrada Ciencia
Subdivisión de forma ENSAYOS, CONFERENCIAS, ETC.
9 (RLIN) 1588
650 #4 - PUNTO DE ACCESO ADICIONAL DE MATERIA--TÉRMINO DE MATERIA
Término de materia o nombre geográfico como elemento de entrada Tecnología
Subdivisión de forma ENSAYOS , CONFERENCIAS, ETC.
9 (RLIN) 1589
700 12 - PUNTO DE ACCESO ADICIONAL--NOMBRE DE PERSONA
Nombre de persona Morel Pierret, Edmundo,
Término indicativo de función/relación comp.
9 (RLIN) 1590
700 12 - PUNTO DE ACCESO ADICIONAL--NOMBRE DE PERSONA
Nombre de persona Sánchez Maríñez, Julio
Término indicativo de función/relación comp.
9 (RLIN) 1591
710 2# - PUNTO DE ACCESO ADICIONAL--NOMBRE DE ENTIDAD CORPORATIVA
Nombre de entidad corporativa o nombre de jurisdicción como elemento de entrada Instituto Tecnológico de Santo Domingo
9 (RLIN) 78911
910 ## - DATOS DE OPCIÓN DEL USUARIO (OCLC)
Datos de opción del usuario Validado. Control de calidad. MFF
Holdings
Estado de retiro Estado de pérdida Restricciones de uso No para préstamo Código de colección Localización permanente Ubicación/localización actual Ubicación en estantería Fecha de adquisición Número de inventario Total de préstamos Signatura topográfica completa Código de barras Fecha visto por última vez Número de copia Precio válido a partir de Tipo de ítem Koha
      Préstamo en sala Dominicana de Servicio Biblioteca Nacional Pedro Henríquez Ureña Biblioteca Nacional Pedro Henríquez Ureña Depósito 27.07.2009 LF1   501 Q3c, 1998 480-30 25.06.2020 e. 3 25.06.2020 Libros y folletos
      Préstamo en sala Dominicana de Servicio Biblioteca Nacional Pedro Henríquez Ureña Biblioteca Nacional Pedro Henríquez Ureña Depósito 15.07.2013 LF1   501 Q3c, 1998 480-40 25.06.2020 e. 4 25.06.2020 Libros y folletos
      Préstamo en sala Dominicana de Servicio Biblioteca Nacional Pedro Henríquez Ureña Biblioteca Nacional Pedro Henríquez Ureña Depósito 15.07.2013 LF1   501 Q3c, 1998 480-50 25.06.2020 e. 5 25.06.2020 Libros y folletos
    Préstamo restringido Excluido de préstamo Patrimonio Dominicano Biblioteca Nacional Pedro Henríquez Ureña Biblioteca Nacional Pedro Henríquez Ureña Depósito 27.07.2009 LF1   501 Q3c, 1998 480-10 25.06.2020   25.06.2020 Libros y folletos
    Préstamo restringido Excluido de préstamo Patrimonio Dominicano Biblioteca Nacional Pedro Henríquez Ureña Biblioteca Nacional Pedro Henríquez Ureña Depósito 27.07.2009 LF1   501 Q3c, 1998 480-20 25.06.2020 e. 2 25.06.2020 Libros y folletos

Powered by Koha